Airlines by Logo - Statistics

General Stats
  • This quiz has been taken 247 times
  • The average score is 8 of 10
Answer Stats
Picture Answer % Correct
American
95%
Delta
94%
Emirates
91%
Lufthansa
91%
Qantas
88%
Turkish
81%
Southwest
76%
Alaska
69%
PanAm
52%
Al Nippon
23%
No matching quizzes found
Score Distribution
Percent of People with Each Score
Percentile by Number Answered
Your Score History
You have not taken this quiz